|
|
|
|
| LEADER |
00000nnm a2200000 i 4500 |
| 001 |
dolg16859 |
| 005 |
20180925160912.0 |
| 008 |
180517suuuu hu o 000 hun d |
| 040 |
|
|
|a BGE Dolgozattár Repozitórium
|b hun
|
| 041 |
|
|
|a hu
|
| 100 |
1 |
|
|a Gálffy Boglárka
|
| 245 |
1 |
3 |
|a Az animáció szerepe a szállodaiparban a Floresta Hotel példáján keresztül
|c Gálffy Boglárka
|h [elektronikus dokumentum]
|
| 516 |
|
|
|a Project_work
|
| 695 |
|
|
|a Turisztikai animáció
|
| 695 |
|
|
|a animátor
|
| 700 |
1 |
|
|a Sipos Erika
|e ths
|
| 856 |
4 |
0 |
|u http://dolgozattar.uni-bge.hu/16859/1/G%C3%A1lffy%20Bogl%C3%A1rka-%20Projektmunka.pdf
|z Dokumentum-elérés
|